000 01027nam a2200325Ia 4500
003 OSt
005 20221006160025.0
006 a|||||r|||| 00| 0
007 ta
008 221006b |||||||| |||| 00| 0 eng d
020 _a9780804769228
_c
_21.77
024 _a44,083
037 _bGift, Korean Embassy (Window on Korea)
_cTextual
040 _aEASL
_cEASL
_beng
041 _2eng
_aeng
082 _aX0aW.49B, Q0
100 _aCalder Kent
_9671493
245 0 _aMaking of Northeast Asia
260 _aStanford
_bStanford University Press
_c2010
300 _a362p.
_ccm.
490 _v Oth
_aStudies in Asian Security
650 _a East Asia - Economic integration
_9665417
650 _a East Asia - Politics and government
650 _a East Asian cooperation
_9671494
650 _a Gen
650 _aRegionalism - East Asia
700 _a YE Min
_9671495
942 _hX0aW.49B, Q0
_cTEXL
_2CC
999 _c1112175
_d1112175